Circular.

Saved in:
Bibliographic Details
Corporate Author: Ohio. State University, Columbus. Engineering Experiment Station
Format: Serial
Language:English
Published: Columbus, Ohio : The Engineering Experiment Station, 1919-1957.
Subjects:
LEADER 01248cas a2200289ua 4500
001 c000224648
003 CARM
005 20061030104500.0
008 870106d19191957ohuuu m 0 a0eng d
019 1 |a 26278811  |5 LACONCORD2021 
035 |a (OCoLC)213781070  |5 LACONCORD2021 
040 |a CStRLIN  |b eng  |c VCAV  |d ANL 
130 0 |a Circular (Ohio State University. Engineering Experiment Station) 
245 0 0 |a Circular. 
246 1 3 |a Engineering extension bulletin 
260 |a Columbus, Ohio :  |b The Engineering Experiment Station,  |c 1919-1957. 
300 |a 59 nos. :  |b ill. ;  |c 24 cm. 
362 0 |a No. 1 (1919)-no. 59 (1957). 
650 0 |a Engineering  |v Periodicals. 
710 1 |a Ohio.  |b State University, Columbus.  |b Engineering Experiment Station. 
760 1 |a Ohio. State University, Columbus.  |t Studies. Engineering series 
760 1 |a Ohio. State University, Columbus.  |t Bulletin 
852 8 |b CARM  |h A2:AI01C0  |i B02300  |p 0138286  |f SE 
866 0 |a 51(1950:03)-59(1957:09) Inc. 
866 0 |a 51(1950:03)-59(1957:09) Inc. 
999 f f |i 8cd2bb4c-6697-5ed8-b1cd-242d9e7574ce  |s edb901e4-70d0-5a27-bb8f-51cd21d70f60 
952 f f |p Can circulate  |a CAVAL  |b CAVAL  |c CAVAL  |d CARM 1 Store  |e B02300  |f A2:AI01C0  |h Other scheme  |i book  |k 51(1950:03); 55(1954:07)-59(1957:09)  |m 0138286